00401nam a2200157Ia 4500008004100000020001800041245003100059245005600090260001500146260001600161260000900177300001400186300002500200300001000225500000800235170705s9999 xx 000 0 und d a9780439566179 aOh my gosh, Mrs. McNosh! / cSarah Weeks ; pictures by6 Nadine Bernard Westcott. aNew York : bScholastic, c2002 aunpaged : bcolor illustration ; c20cm. a230